| 000 | 00584nam a22001937a 4500 | ||
|---|---|---|---|
| 005 | 20240508154331.0 | ||
| 010 | _aENG-140282 | ||
| 020 |
_a9788174821881 _c265.00 |
||
| 035 | _aEN-123814 | ||
| 037 | _bDBAD | ||
| 082 | _a480 | ||
| 100 |
_aMurthy, Jayanthi Dakshina _965971 |
||
| 245 |
_aCorrect Your Common Errors In English/ _cBy Jayanthi Dakshina Murthy |
||
| 260 |
_aAgra _bUpkar Prakashan |
||
| 270 |
_a2/11A, Swadeshi Bima Nagar, _bAgra _e282002 |
||
| 300 |
_a584p.: _c22cm(pb) |
||
| 700 |
_aMurthy, Jayanthi Dakshina _965564 |
||
| 942 |
_2ddc _cEN _h480 _mMUR |
||
| 999 |
_c202647 _d202647 |
||